[Event "23rd ETCC Open 2021"]
[Site "Catez"]
[Date "2021.11.16"]
[Round "5.23"]
[White "Bluebaum, Matthias"]
[Black "Jianu, Vlad-Cristian"]
[Result "1/2-1/2"]
[WhiteElo "2647"]
[BlackElo "2522"]
[Annotator "TA"]
[PlyCount "120"]
[EventDate "2021.11.08"]
[EventType "team-tourn"]
[EventCountry "SLO"]
[SourceTitle "playchess.com"]
[Source "ChessBase"]
[SourceQuality "1"]
[WhiteTeam "Germany"]
[BlackTeam "Romania"]
[WhiteTeamCountry "GER"]
[BlackTeamCountry "ROU"]

{[%evp 15,120,8,9,8,25,8,32,0,0,0,0,-9,-7,-7,-6,-39,-6,-13,-5,-4,-9,-22,-20,
-29,10,0,32,0,0,0,11,9,31,31,23,29,25,25,46,42,41,50,40,43,54,64,55,60,91,94,
104,51,59,23,34,22,42,7,37,10,51,52,132,16,14,0,0,0,0,0,27,16,26,20,44,27,27,
18,18,18,18,18,18,18,18,18,18,23,51,0,0,0,0,0,0,0,0,0,0,0,0,0,-2,-2,0,0,29989]
} 1. c4 e6 2. g3 d5 3. Bg2 Nf6 4. Nf3 Be7 5. d4 O-O 6. Nc3 {[%cal Bb1c3,Bc3d1,
Bd1e3,Be3c4,Bc4e5][%mdl 32]} dxc4 7. Ne5 c5 8. dxc5 Qxd1+ 9. Nxd1 {E06: Closed
Catalan: Early deviations.} Bxc5 10. Ne3 Nc6 {[#]} (10... c3 {is more complex.}
11. bxc3 Nbd7 12. Nd3 Rb8 13. O-O b6) 11. Nxc6 $146 {White is slightly better.}
({Predecessor:} 11. N3xc4 Nxe5 12. Nxe5 Nd5 13. Bd2 Bd4 14. Nd3 Bd7 15. Bxd5
exd5 16. Rc1 Rfe8 17. Bc3 {0-1 (62) Grachev,B (2621)-Kryvoruchko,Y (2669) Mali
Losinj 2019}) 11... bxc6 12. Nxc4 Ba6 13. Ne5 Nd5 14. Bd2 {With the idea Nd7.}
Rfc8 15. Rb1 (15. Rc1 $5 {[%cal Rc1c5]} Bd4 16. Nxc6 Bxb2 17. Bxd5 Bxc1 18.
Ne7+ Kf8 19. Bxa8 Kxe7 20. Bxc1 Rxc1+ 21. Kd2 $11) 15... Bd6 (15... Bd4 $5 {
[%cal Rd4e5]} 16. Nf3 Bf6 $15) 16. f4 Rab8 17. Kf2 f6 18. Nf3 Bc5+ 19. e3 Bb4
20. Rbd1 Kf7 21. Bf1 (21. b3 {seems wilder.} Be7 22. Nd4 Bb7 23. Bh3 f5 24. Nf3
) 21... Bxf1 22. Rhxf1 c5 23. e4 Nb6 24. Rc1 a5 25. Rc2 c4 26. Rfc1 Na4 27.
Rxc4 Rxc4 28. Rxc4 {And now b3 would win.} Nxb2 29. Rc7+ Kf8 30. Ke2 Bxd2 31.
Nxd2 $14 {[%mdl 4096] Endgame KRN-KRN} Na4 32. Nb3 Rb5 {[#]} 33. Kd3 (33. Nd4
$1 $16 {[%cal Rd4b5]} Rb6 34. Ke3) 33... e5 34. f5 h5 35. Rc8+ Kf7 36. h3 Rb4
37. Rc7+ Kg8 38. Nxa5 Rd4+ {[#]} (38... Rb1 $14) 39. Ke3 (39. Kc2 $1 $16) 39...
Nb2 $11 40. Rc2 Rd3+ 41. Kf2 Na4 42. Nb7 h4 43. Rc8+ Kh7 44. gxh4 Rxh3 45. Nd6
{Nf7 is the strong threat.} Ra3 46. Nf7 {[%csl Gf7][%cal Rc8h8]} g6 $1 47. Rc7
{Threatens to win with Nxe5+.} gxf5 $1 48. exf5 {Black must now prevent Ng5+.}
Nc3 49. Nxe5+ Kh6 50. Ng4+ Kh5 51. Nxf6+ Kxh4 52. Rf7 (52. Nh7 $14) 52... Kg5 {
The position is equal.} 53. Nh7+ Kf4 54. f6 Rxa2+ 55. Ke1 Ra1+ 56. Kd2 Ne4+ 57.
Kc2 Kf5 58. Rc7 Nxf6 59. Rf7 Ra6 60. Rxf6+ Ke5 $2 {[%mdl 40960] Weighted Error
Value: White=0.11/Black=0.07. An unexpected result.} (60... Rxf6 $11 61. Nxf6)
1/2-1/2

[Event "23rd ETCC Open 2021"]
[Site "Catez"]
[Date "2021.11.16"]
[Round "5.24"]
[White "Gavrilescu, David"]
[Black "Svane, Rasmus"]
[Result "1/2-1/2"]
[WhiteElo "2514"]
[BlackElo "2628"]
[Annotator "TA"]
[PlyCount "72"]
[EventDate "2021.11.08"]
[EventType "team-tourn"]
[EventCountry "SLO"]
[SourceTitle "playchess.com"]
[Source "ChessBase"]
[SourceQuality "1"]
[WhiteTeam "Romania"]
[BlackTeam "Germany"]
[WhiteTeamCountry "ROU"]
[BlackTeamCountry "GER"]

{[%evp 10,72,27,20,26,17,21,1,30,25,29,16,52,0,0,0,22,0,0,13,23,5,22,20,24,13,
19,19,10,0,0,0,0,0,0,0,0,0,8,0,0,0,0,-9,-7,-11,0,-11,-5,-8,-6,-16,-6,-19,-14,
-16,-14,-20,-5,-6,-5,-5,-10,-17,-20]} 1. e4 c6 2. Nf3 d5 3. Nc3 Bg4 4. h3 Bxf3
5. Qxf3 e6 6. Be2 Bc5 {B11: Caro-Kann: Two Knights Variation.} 7. O-O Nd7 8.
Na4 {[#]} Bd4 $146 ({Predecessor:} 8... Bd6 9. d4 Ne7 10. exd5 exd5 11. c4 O-O
12. Nc3 dxc4 13. Bxc4 Ng6 14. g3 c5 15. dxc5 Bxc5 {1/2-1/2 (41) Pichot,A (2630)
-Alekseenko,K (2699) Biel 2021}) 9. c3 Bf6 {Hoping for ...b5.} 10. d4 Qa5 {
And now ...dxe4 would win.} 11. Nc5 {[%mdl 64] [#] Decoy} Nxc5 12. b4 dxe4 13.
Qe3 (13. bxa5 $2 {is the wrong capture.} exf3 14. Bxf3 Na6 $19) 13... Qa4 {
aiming for ...Nd7.} 14. bxc5 Ne7 15. Qxe4 O-O 16. Rb1 b5 17. cxb6 axb6 {
The position is equal.} 18. Bd3 {[%csl Gd3][%cal Re4h7] [#]} g6 19. Qf3 Bg7 20.
Bg5 Nd5 21. c4 Nc3 22. Rxb6 Bxd4 23. Rxc6 Nxa2 24. Bh6 Bg7 25. Bxg7 Kxg7 26.
Ra1 Qa5 27. Bf1 Qe5 28. Rd1 Rfd8 29. Rxd8 Rxd8 30. Ra6 Nb4 31. Ra7 Qf6 32.
Qxf6+ Kxf6 33. g3 Rd2 34. c5 $1 Nc6 35. Rc7 Nd4 36. Kg2 Rc2 {Weighted Error
Value: White=0.05/Black=0.05} 1/2-1/2

[Event "23rd ETCC Open 2021"]
[Site "Catez"]
[Date "2021.11.16"]
[Round "5.25"]
[White "Wojtaszek, Radoslaw"]
[Black "Christiansen, Johan-Sebastian"]
[Result "1/2-1/2"]
[WhiteElo "2700"]
[BlackElo "2582"]
[Annotator "TA"]
[PlyCount "62"]
[EventDate "2021.11.08"]
[EventType "team-tourn"]
[EventCountry "SLO"]
[SourceTitle "playchess.com"]
[Source "ChessBase"]
[SourceQuality "1"]
[WhiteTeam "Poland"]
[BlackTeam "Norway"]
[WhiteTeamCountry "POL"]
[BlackTeamCountry "NOR"]

{[%evp 11,62,40,31,30,28,22,25,15,22,32,22,25,30,27,25,22,32,4,14,9,9,11,11,10,
9,12,8,19,15,19,19,20,13,6,5,0,0,0,6,0,3,0,9,0,9,-2,-2,-8,0,0,0,-12,0]} 1. d4
d5 2. c4 dxc4 3. e3 e5 4. Bxc4 exd4 5. exd4 Bd6 6. Nf3 Nf6 7. Qe2+ {D20:
Queen's Gambit Accepted: 3 e3 and 3 e4.} Qe7 8. Qxe7+ Bxe7 9. Nc3 {White has
an edge.} c6 10. O-O {Black must now prevent Re1.} Nbd7 11. Re1 {Hoping for
Ng5.} Nb6 12. Bb3 Nfd5 13. Bd2 Be6 14. Ne4 O-O {The position is equal.} 15. Nc5
Bxc5 16. dxc5 Nd7 17. Rac1 Nc7 18. Nd4 Rfe8 19. Nxe6 Nxe6 20. Bxe6 Rxe6 21.
Rxe6 fxe6 $11 {[%mdl 4096] [#] Endgame KRB-KRN} 22. Be3 $146 ({Predecessor:} 
22. Kf1 Nf6 23. Ke2 Rd8 24. Rc4 Nd5 25. Ra4 a6 26. Rh4 Rd7 27. Rh3 Nf6 28. Re3
{1/2-1/2 (40) Berkes,F (2645)-Stevic,H (2602) Hungary 2016}) 22... Nf6 23. Kf1
Rd8 24. Ke2 Kf7 25. Rc4 e5 26. f3 Ke6 27. Ra4 a6 28. g3 Rd7 29. Rc4 Rd5 30. Rb4
Rd7 31. Rc4 Rd5 {A rather calm draw.  Weighted Error Value: White=0.04/Black=0.
02} 1/2-1/2

[Event "23rd ETCC Open 2021"]
[Site "Catez"]
[Date "2021.11.16"]
[Round "5.26"]
[White "Urkedal, Frode Olav Olsen"]
[Black "Piorun, Kacper"]
[Result "1/2-1/2"]
[WhiteElo "2569"]
[BlackElo "2634"]
[Annotator "TA"]
[PlyCount "92"]
[EventDate "2021.11.08"]
[EventType "team-tourn"]
[EventCountry "SLO"]
[SourceTitle "playchess.com"]
[Source "ChessBase"]
[SourceQuality "1"]
[WhiteTeam "Norway"]
[BlackTeam "Poland"]
[WhiteTeamCountry "NOR"]
[BlackTeamCountry "POL"]

{[%evp 13,92,21,44,21,24,18,18,0,0,0,4,6,6,0,0,0,15,-5,0,-5,9,-5,0,-5,0,-29,-7,
-29,0,-29,-29,-46,-8,-10,46,37,42,39,64,47,59,62,84,107,107,52,93,86,141,143,
191,112,118,49,52,66,47,63,55,45,89,0,0,0,0,0,0,0,0,0,0,0,0,0,0,0,0,0,0,0,0]} 
1. d4 e6 2. c4 b6 3. Nf3 Bb7 4. g3 Bb4+ 5. Bd2 Bxf3 6. exf3 Bxd2+ 7. Qxd2 d5 8.
Nc3 {A40: Unusual replies to 1 d4.} Ne7 9. f4 O-O 10. Bg2 c6 11. b3 Nd7 12. O-O
Nf6 13. Rfd1 Nf5 14. Rac1 {[#]} Qe7 $146 ({Predecessor:} 14... Qd7 15. c5 bxc5
16. dxc5 Rab8 17. Na4 Qc7 18. Nb2 Rfd8 19. Nd3 a5 20. Qc3 d4 {1-0 (73)
Bernasek,J (2402)-Gajewski,G (2456) Balatonlelle 2003}) 15. Ne2 (15. c5 $5)
15... h5 16. c5 Rfc8 17. Rc2 g6 18. Rdc1 Qb7 19. h3 Kg7 20. Qd3 Rc7 21. Kh1 a5
22. Qc3 Kg8 23. Ng1 a4 ({Black should play} 23... bxc5 $11 24. dxc5 Nd7) 24. b4
$1 $14 a3 25. Nf3 Ne4 26. Qe1 bxc5 27. dxc5 Rb8 28. Rb1 Qa6 29. Ne5 (29. Rb3
$16) 29... Nf6 30. Qc3 Rcb7 (30... Nd7 $142) 31. Rb3 $16 Ne4 32. Rxa3 (32. Bxe4
$18 dxe4 33. Kg2) 32... Qb5 33. Qe1 ({Better is} 33. Bxe4 $16 dxe4 34. Kg2)
33... Qxb4 $14 34. Qxb4 Rxb4 35. Nxc6 Rb1+ 36. Kh2 {aiming for Bxe4.} Rc8 {[#]}
37. Ra6 (37. Ne5 $1 $16) 37... Kg7 $11 {The position is equal.} 38. Rb6 Ra1 {
Strongly threatening ...Rxc6!} 39. Na7 Ra8 40. Nb5 R8xa2 41. Rxa2 Rxa2 42. Bxe4
dxe4 {KRN-KRN} 43. Kg1 $1 e3 44. fxe3 Nxe3 45. c6 Rg2+ 46. Kh1 Rf2 {Weighted
Error Value: White=0.13/Black=0.13} ({Avoid the trap} 46... Rxg3 $2 47. c7 $18)
1/2-1/2

[Event "23rd ETCC Open 2021"]
[Site "Catez"]
[Date "2021.11.16"]
[Round "5.27"]
[White "Moranda, Wojciech"]
[Black "Hauge, Lars Oskar"]
[Result "1/2-1/2"]
[WhiteElo "2623"]
[BlackElo "2490"]
[Annotator "TA"]
[PlyCount "73"]
[EventDate "2021.11.08"]
[EventType "team-tourn"]
[EventCountry "SLO"]
[SourceTitle "playchess.com"]
[Source "ChessBase"]
[SourceQuality "1"]
[WhiteTeam "Poland"]
[BlackTeam "Norway"]
[WhiteTeamCountry "POL"]
[BlackTeamCountry "NOR"]

{[%evp 9,73,0,17,0,0,0,12,9,15,9,13,10,16,14,24,18,14,10,8,8,23,15,29,22,44,26,
40,41,80,89,103,100,83,91,103,102,106,115,107,61,69,78,78,45,63,42,44,49,64,52,
45,58,39,32,50,30,78,56,58,20,40,0,0,0,0,0]} 1. e4 e5 2. Nf3 Nc6 3. Bb5 Nf6 4.
O-O Nxe4 5. Re1 Nd6 6. a4 {C67: Ruy Lopez: Berlin Defence: 4 0-0 Nxe4.} Be7 7.
Nc3 O-O 8. d4 e4 9. Nxe4 Nxe4 10. Rxe4 d5 11. Re1 Bd6 12. Ne5 Ne7 {[%cal Bc6e7,
Be7g6,Bg6h4][%mdl 32]} 13. Bf1 {[#]} Bf5 $146 ({Predecessor:} 13... f6 14. Nd3
a5 15. c3 c6 16. Qf3 Ng6 17. g3 Qc7 18. h4 Bd7 19. h5 Nh8 {1/2-1/2 (100)
Kollars,D (2607)-Sjugirov,S (2663) Tornelo INT 2021}) 14. a5 a6 15. Nd3 Ng6 16.
Nc5 Rb8 17. b4 Qf6 18. c3 Nh4 19. Qh5 h6 20. g3 Ng6 21. Qf3 Ne7 22. Bg2 Qg6 23.
Bf4 Rfe8 24. h3 Bxc5 25. bxc5 Be4 26. Qg4 {Strongly threatening Qxg6.} Qc6 27.
Bf1 Ng6 28. Bd2 Re7 29. f3 Bc2 30. Rxe7 Nxe7 31. Re1 Re8 32. Qf4 g5 33. Qe3 f6
34. c4 {aiming for cxd5.} Bg6 35. cxd5 Nxd5 36. Qb3 Rxe1 37. Bxe1 {Weighted
Error Value: White=0.08/Black=0.07} 1/2-1/2

[Event "23rd ETCC Open 2021"]
[Site "Catez"]
[Date "2021.11.16"]
[Round "5.28"]
[White "Notkevich, Benjamin Arvola"]
[Black "Teclaf, Pawel"]
[Result "1/2-1/2"]
[WhiteElo "2471"]
[BlackElo "2543"]
[Annotator "TA"]
[PlyCount "107"]
[EventDate "2021.11.08"]
[EventType "team-tourn"]
[EventCountry "SLO"]
[SourceTitle "playchess.com"]
[Source "ChessBase"]
[SourceQuality "1"]
[WhiteTeam "Norway"]
[BlackTeam "Poland"]
[WhiteTeamCountry "NOR"]
[BlackTeamCountry "POL"]

{[%evp 12,107,24,28,40,27,19,0,18,19,24,20,29,21,23,0,0,0,0,0,0,0,0,0,8,8,0,0,
0,6,14,0,0,0,0,0,0,-8,-8,-8,4,0,0,-8,-8,-8,-8,-8,-8,-8,-8,-9,0,0,0,0,0,0,8,8,8,
8,8,8,8,0,0,0,0,0,1,0,0,0,8,8,8,0,0,0,0,0,0,0,0,0,0,0,0,0,0,0,0,0,0,0,0,0]} 1.
d4 d5 2. c4 dxc4 3. e4 c5 4. d5 Nf6 5. Nc3 e6 6. Bxc4 exd5 7. Nxd5 Be6 $1 {
[%mdl 4] outshines the older 7...Nxd5. D20: Queen's Gambit Accepted: 3 e3 and
3 e4.} 8. Bg5 {[#] Threatens to win with Nxf6+.} Be7 9. Nxf6+ Bxf6 (9... gxf6 {
with more complications.} 10. Qxd8+ Bxd8 11. Bxe6 fxe6 12. Be3 Be7) 10. Qxd8+
Bxd8 11. Bxe6 fxe6 12. Bxd8 Kxd8 {[#]} 13. Nf3 $146 ({Predecessor:} 13. O-O-O+
Ke7 14. f4 Nc6 15. Nf3 Rad8 16. a3 Rhf8 17. g3 e5 18. f5 g6 19. g4 gxf5 20.
exf5 {1-0 (41) Kukhmazov,A (2466)-Iskusnyh,S (2473) Chess.com INT 2021}) 13...
Nc6 {The position is equal.} 14. Ke2 Ke7 15. Ke3 Rhd8 16. Rhd1 Rac8 17. Rac1 b6
18. Rxd8 Rxd8 $11 {[%mdl 4096] Endgame KRN-KRN} 19. a3 a5 20. h4 Kf6 21. g4 e5
22. g5+ Ke6 23. a4 Nb4 {next ...Rd3+ is good for Black.} 24. Rc3 Rd1 25. Nd2
Re1+ 26. Kf3 Nc6 27. Nc4 Nd4+ 28. Kg2 Rxe4 {Strongly threatening ...Ne2.} 29.
Nxb6 Rxh4 30. Rxc5 Nb3 31. Rb5 Nd2 32. f3 e4 33. fxe4 Rxe4 34. Rxa5 Rb4 35. Nd5
Rxb2 36. Nf4+ Kd6 37. Ra6+ Kc7 38. Ne6+ Kb7 39. Nc5+ Kb8 {[#] aiming for ...
Nb3+.} 40. Kh3 Rc2 41. Rc6 (41. Ne6 {seems wilder.} Rc3+ 42. Kg4 Rc4+ 43. Kf5
Nf3 44. Nxg7 Rc5+ 45. Kf4) 41... Rc4 42. a5 Ka7 43. Ra6+ Kb8 44. Rb6+ Ka7 {
...Rc3+ is the strong threat.} 45. Rb5 (45. Rb7+ {keeps more tension.} Ka8 46.
Rb5 h6 47. g6 Nf3 48. Ne6) 45... Nf3 46. Ne6 Nd4 47. Nxd4 Rxd4 {KR-KR} 48. Re5
{Hoping for Re7+.} Rd7 49. Re6 g6 50. Kg4 Rd1 51. Kf4 Rh1 52. Ke5 h6 53. Rxg6
hxg5 54. Rxg5 {Weighted Error Value: White=0.02/Black=0.02} 1/2-1/2

[Event "23rd ETCC Open 2021"]
[Site "Catez"]
[Date "2021.11.16"]
[Round "5.29"]
[White "Pechac, Jergus"]
[Black "Adams, Michael"]
[Result "1/2-1/2"]
[WhiteElo "2562"]
[BlackElo "2714"]
[Annotator "TA"]
[PlyCount "64"]
[EventDate "2021.11.08"]
[EventType "team-tourn"]
[EventCountry "SLO"]
[SourceTitle "playchess.com"]
[Source "ChessBase"]
[SourceQuality "1"]
[WhiteTeam "Slovakia"]
[BlackTeam "England"]
[WhiteTeamCountry "SVK"]
[BlackTeamCountry "ENG"]

{[%evp 24,64,16,15,20,20,16,16,15,6,13,13,4,0,16,1,20,0,0,0,33,31,37,40,23,26,
32,27,21,31,53,42,27,26,36,25,84,84,81,12,20,14,10]} 1. d4 Nf6 2. c4 e6 3. Nc3
d5 4. Bg5 Be7 5. e3 h6 6. Bh4 O-O 7. Nf3 b6 8. Be2 Bb7 9. Bxf6 Bxf6 10. cxd5
exd5 11. b4 c6 12. O-O Qd6 13. Rb1 Nd7 {D58: Queen's Gambit Declined:
Tartakower Defence.} 14. a4 a5 15. bxa5 Rxa5 {[#]} 16. Re1 $146 ({Predecessor:
} 16. Qb3 Bd8 17. Rfc1 Bc7 18. Qc2 Qe7 19. Nd2 Bb8 20. Bf3 f5 21. g3 Bd6 22.
Qb3 {0-1 (71) Ulko,J (2482)-Usmanov,V (2414) Moscow 2015}) 16... Re8 17. Qc2 c5
18. Bb5 Rd8 19. Red1 Bc6 20. h4 Nf8 {[%cal Bd7f8,Bf8e6,Be6c5,Bc5a4,Ba4c3][%mdl
32]} 21. Qb3 cxd4 22. Nxd4 Bxd4 23. Rxd4 Ne6 24. Rd2 Qc5 25. Rbd1 Bxb5 26. Nxb5
{[%cal Rd2d5]} Qc6 27. Nc3 {[%cal Rc3d5]} Nc5 28. Qa2 {[%cal Rc3d5]} Nxa4 29.
Nxd5 {[#] Threatens to win with Ne7+.} Re8 (29... Kh8 $1 $11 {remains equal.})
30. Qb3 $16 Rc5 31. Qb4 ({White should try} 31. Nb4 $16 Qa8 32. Rd7) 31... b5
$11 32. Rd4 Nc3 {Weighted Error Value: White=0.11/Black=0.11} 1/2-1/2

[Event "23rd ETCC Open 2021"]
[Site "Catez"]
[Date "2021.11.16"]
[Round "5.30"]
[White "McShane, Luke J"]
[Black "Druska, Juraj"]
[Result "1/2-1/2"]
[WhiteElo "2667"]
[BlackElo "2508"]
[Annotator "TA"]
[PlyCount "134"]
[EventDate "2021.11.08"]
[EventType "team-tourn"]
[EventCountry "SLO"]
[SourceTitle "playchess.com"]
[Source "ChessBase"]
[SourceQuality "1"]
[WhiteTeam "England"]
[BlackTeam "Slovakia"]
[WhiteTeamCountry "ENG"]
[BlackTeamCountry "SVK"]

{[%evp 11,134,25,31,18,46,52,62,32,58,13,18,12,20,23,27,21,14,13,15,13,13,18,
30,21,24,12,12,13,20,9,23,25,12,7,17,8,8,8,2,0,4,7,50,0,0,0,0,-16,0,0,0,-58,0,
0,0,0,0,-47,-47,-55,-47,-47,-58,-47,-47,-55,-58,-66,-80,-80,-55,-91,-80,-108,0,
0,0,0,0,0,0,0,0,0,0,0,0,0,0,0,0,0,0,0,0,0,0,0,0,0,0,0,0,0,0,0,0,0,0,0,0,0,0,0,
0,0,0,0,0,0,0,0,0,0,0]} 1. e4 c5 2. Nf3 e6 3. d4 cxd4 4. Nxd4 a6 5. c4 Nf6 6.
Nc3 Bb4 7. Qd3 {B41: Sicilian: Kan Variation: 5 c4.} d6 {7...0-0 is the modern
continuation.} 8. Nc2 Bxc3+ 9. Qxc3 {White is slightly better.} O-O 10. Bd3 {
[#]} d5 $5 $146 {[%mdl 8] An interesting novelty.} ({Predecessor:} 10... e5 11.
O-O Be6 12. f4 exf4 13. Bxf4 Nc6 14. Bg5 Nxe4 15. Bxd8 Nxc3 16. Bc7 Na4 {
0-1 (54) Giri,A (2768)-Caruana,F (2829) London 2014}) 11. exd5 exd5 12. O-O
dxc4 13. Bxc4 Nc6 14. b3 Ne4 15. Qf3 Nd2 16. Bxd2 Qxd2 17. Ne3 Ne5 18. Qg3 Nxc4
19. Nxc4 Qb4 20. Rad1 Be6 21. Nd6 Rad8 22. Rd3 Rd7 23. Rfd1 Rfd8 24. h3 b6 25.
Rd4 Qc5 26. b4 Qh5 27. a3 Qg6 {[#] White must now prevent ...Qxg3.} 28. Qh4 h6
29. R1d3 Qg5 {Hoping for ...Qxh4.} 30. Qe4 Bxh3 31. f4 (31. Rxh3 $11 Rxd6 32.
Rxd6 Rxd6 33. Qe8+ Kh7 34. Qxf7) 31... Qf6 ({Black should try} 31... Qg4 $15)
32. gxh3 $11 Rxd6 33. Rxd6 Rxd6 34. Rxd6 (34. Qe8+ {keeps more tension.} Kh7
35. Rxd6 Qxd6 36. Qxf7 a5 37. Qc4) 34... Qxd6 {[%mdl 4096] Endgame KQ-KQ} 35.
Qa8+ $1 Kh7 36. Qxa6 Qxf4 {Threatens to win with ...Qg3+.} 37. Qxb6 Qg3+ 38.
Kf1 Qxh3+ 39. Ke2 Qxa3 40. b5 {[%cal Bb4b5,Bb5b6,Bb6b7][%mdl 32]} Qb2+ 41. Kd3
h5 {aiming for ...h4.} 42. Qc6 f5 (42... Qb1+ $17 43. Ke3 Qg1+ 44. Ke2 Qh2+ 45.
Kf1 Qf4+ 46. Kg2 Qg4+ 47. Kh1 Qa4) 43. b6 {The position is equal.} h4 {[#] And
now ...h3 would win.} 44. b7 $1 {Strongly threatening Qc7.} h3 45. Qe8 Qb3+ (
45... Qxb7 $5 46. Qh5+ $8 {[%mdl 64] Double Attack} Kg8 47. Qe8+ Kh7 48. Qh5+ {
[%mdl 64] Double Attack} Kg8 49. Qe8+ Kh7 $11) 46. Kd2 $1 Qd5+ (46... h2 $5 47.
Qh5+ $8 {[%mdl 64] Double Attack} Kg8 $11) 47. Kc3 Qc5+ (47... Qxb7 $5 48. Qh5+
$8 {[%mdl 64] Double Attack} Kg8 49. Qe8+ Kh7 50. Qh5+ {[%mdl 64] Double Attack
} Kg8 51. Qe8+ Kh7 $11) 48. Kd3 Qd6+ 49. Kc4 Qc7+ 50. Kd3 Qg3+ (50... h2 $5 51.
Qh5+ $8 {[%mdl 64] Double Attack} Kg8 $11) 51. Kc2 Qf2+ (51... h2 $5 52. Qh5+
$8 {[%mdl 64] Double Attack} Kg8 $11) 52. Kc3 Qc5+ 53. Kd3 Qa3+ 54. Kc2 Qa2+
55. Kc3 Qa1+ 56. Kc2 {White wants to mate with Qh5+!} Qa2+ 57. Kc3 {White
threatens Qh5+! and mate.} Qa5+ 58. Kc2 Qc7+ 59. Kd3 Qd6+ (59... h2 $5 60. Qh5+
$8 {[%mdl 64] Double Attack} Kg8 $11) 60. Kc4 Qa6+ 61. Kc5 Qa3+ (61... Qxb7 $5
62. Qh5+ $8 {[%mdl 64] Double Attack} Kg8 63. Qe8+ Kh7 64. Qh5+ {[%mdl 64]
Double Attack} Kg8 65. Qe8+ Kh7 $11) 62. Kc4 Qc1+ 63. Kd3 Qd1+ 64. Kc3 Qf3+ (
64... h2 $5 65. b8=Q $8 Qc1+ 66. Kd4 Qg1+ 67. Kd3 Qf1+ 68. Kd4 Qf2+ 69. Kd3
Qf1+ 70. Kd4 Qg1+ 71. Kd3 Qd1+ 72. Kc4 Qf1+ 73. Kd4 $11) 65. Kc2 Qf2+ (65...
Qxb7 $5 66. Qh5+ $8 {[%mdl 64] Double Attack} Kg8 67. Qe8+ Kh7 68. Qh5+ {
[%mdl 64] Double Attack} Kg8 69. Qe8+ Kh7 $11) 66. Kd3 {Qh5+ would kill now.}
Qg3+ 67. Kc2 Qc7+ {Weighted Error Value: White=0.07/Black=0.06} (67... h2 $5
68. Qh5+ $8 {[%mdl 64] Double Attack} Kg8 $11) 1/2-1/2

[Event "23rd ETCC Open 2021"]
[Site "Catez"]
[Date "2021.11.16"]
[Round "5.31"]
[White "Petenyi, Tamas"]
[Black "Howell, David W L"]
[Result "1/2-1/2"]
[WhiteElo "2458"]
[BlackElo "2648"]
[Annotator "TA"]
[PlyCount "130"]
[EventDate "2021.11.08"]
[EventType "team-tourn"]
[EventCountry "SLO"]
[SourceTitle "playchess.com"]
[Source "ChessBase"]
[SourceQuality "1"]
[WhiteTeam "Slovakia"]
[BlackTeam "England"]
[WhiteTeamCountry "SVK"]
[BlackTeamCountry "ENG"]

{[%evp 10,129,15,12,33,25,31,-24,-23,-31,-30,-25,-34,-75,-68,-82,-77,-82,-81,
-105,-80,-85,-81,-100,-81,-73,0,-98,-42,-106,-104,-110,-101,-100,-33,-97,-95,
-95,-41,-53,-43,-36,75,68,64,70,71,24,187,166,153,23,26,24,385,383,322,271,231,
201,198,14,191,-166,-166,-166,-166,-166,-166,-162,0,0,0,0,0,0,0,0,0,0,0,0,0,0,
0,0,0,0,0,0,0,0,0,0,0,0,0,0,0,0,0,0,0,0,0,0,0,0,0,0,0,0,0,0,0,0,0,0,0,0,0,0]} 
1. e4 c6 2. d4 d5 3. e5 Bf5 4. Nd2 e6 5. Nb3 Nd7 6. Nf3 h6 {B12: Caro-Kann:
Advance Variation.} 7. Be2 a5 {[#]} 8. Bd2 $146 (8. a4 $14) ({Predecessor:} 8.
a4 Ne7 9. O-O g5 10. Ne1 Bg7 11. f4 Ng6 12. Bd3 Bxd3 13. Nxd3 gxf4 14. Nxf4
Nxf4 15. Bxf4 {0-1 (47) Niemann,H (2592)-Adly,A (2683) Riga 2021}) 8... a4 $11
{Black has an edge.} 9. Nc1 c5 10. Bb5 Ne7 11. O-O Nc6 $1 12. c4 dxc4 13. Bc3
Nb6 14. Ne2 Be4 15. Nf4 Be7 16. Qe2 Bxf3 17. Qxf3 cxd4 (17... O-O $1 $17 18.
dxc5 (18. Bxc6 bxc6 19. dxc5 Bxc5 $15) 18... Bxc5 19. Bxc6 bxc6 20. Qxc6 Qc8
21. Qxc8 Rfxc8) 18. Rad1 d3 (18... Qc7 $1 $17 19. Bxd4 O-O 20. Bxc6 bxc6) 19.
Bxc6+ (19. Qe4 $15) 19... bxc6 $17 20. Qxc6+ Kf8 21. Rfe1 Rc8 (21... g6 $17 22.
Re4 Rb8 23. Rxc4 Nxc4 24. Qxc4 a3 25. Rxd3 Qc8 26. Qxc8+ Rxc8) 22. Qf3 (22.
Nxe6+ $15 fxe6 23. Qxe6) 22... Kg8 23. b3 axb3 (23... Nd5 $17 24. Nxd5 Qxd5 25.
bxc4 Qxf3 26. gxf3 Rxc4 27. Rxd3 Kh7) 24. axb3 $15 Nd5 25. Nxd5 exd5 (25...
Qxd5 $15 {stays ahead.} 26. bxc4 Qxf3 27. gxf3 Rxc4 28. Rxd3 Kh7) 26. bxc4 $16
dxc4 27. e6 f6 28. h4 {[%mdl 1024] White has strong compensation.} Kh7 $2 (
28... Qd6 $11 {and Black stays safe.}) 29. Qe4+ $1 $18 g6 30. h5 (30. Rb1 $16)
30... Rg8 $11 31. Rb1 {Threatens to win with Rb7.} Qe8 $2 {[%mdl 8192]} (31...
d2 $1 $11 32. Red1 Qd3 33. hxg6+ Rxg6 34. Qxd3 cxd3 35. Bxd2 Rcg8) 32. Rb7 $1
$18 Rg7 33. g3 Rc5 34. Ra1 {Rd7 is the strong threat.} Rxh5 35. Qxc4 $2 (35.
Raa7 $18 Rb5 36. Rd7 (36. Qxc4 Rxb7 37. Rxb7 Bd6 $16)) 35... Rc5 {[#]} (35...
d2 $11 {and Black is okay.}) 36. Qxd3 $4 {[%mdl 8192]} (36. Qd4 $1 $18 {
was the only winning move.}) 36... Qc6 $1 $36 {[%csl LRb7,LRc3,LRe6][%mdl 2112]
Double Attack. Black is really pushing.} 37. Rxe7 Rxe7 38. Bxf6 {[#]} Rh5 $1 {
[%csl Gc6][%cal Rh5h1][%mdl 512]} 39. f3 {[#]} Qxe6 ({Black should play} 39...
Rd5 $1 $19 {[%mdl 512]} 40. Qe4 Qb6+ 41. Kg2 Qxe6 42. Qxe6 (42. Bxe7 Rd2+ 43.
Kf1 Qh3+ {[%mdl 64] Double Attack} 44. Ke1 Rb2 $19) 42... Rxe6 43. Ra7+ Kg8)
40. Bxe7 $11 {The position is equal.} Qb6+ 41. Bc5 $1 Qxc5+ {[%mdl 4096]
Endgame KQR-KQR} 42. Kg2 {Threatening mate with Qd7+.} Rd5 43. Ra7+ Qxa7 44.
Qxd5 {KQ-KQ} h5 45. g4 (45. Qe4 {is more complex.} Kh6 46. Qe5 Kh7 47. Qe6 Kh6
48. Qe5) 45... hxg4 46. fxg4 Qe3 47. g5 Qe7 (47... Kg7 {looks sharper.} 48.
Qb7+ Kg8 49. Qd5+ Kg7) 48. Kf3 Kg7 49. Qd4+ Kf7 50. Qf6+ (50. Qc4+ {is more
complex.} Kg7 51. Qd4+) 50... Qxf6+ 51. gxf6 {KP-KP} Ke6 52. Kg4 Kxf6 {KP-K}
53. Kf4 g5+ 54. Kg4 Kg6 (54... Ke6 {keeps more tension.} 55. Kf3 Kf5 56. Kg3 g4
57. Kg2 Kg5) 55. Kg3 Kh5 (55... Kf5 {is interesting.} 56. Kf3 g4+ 57. Kf2 Kf4
58. Kg2 Ke4) 56. Kh3 g4+ 57. Kg3 (57. Kg2 {seems wilder.} Kh4 58. Kh2 Kg5 59.
Kg2 Kf4 60. Kf2) 57... Kg5 58. Kg2 Kf4 59. Kf2 g3+ (59... Kf5 {feels hotter.}
60. Kg3 Kg5) 60. Kg2 Kg4 61. Kg1 Kf4 62. Kg2 Kg4 63. Kg1 Kf3 {( -> ...g2)} (
63... Kh3 $5 64. Kh1 $8 Kh4 $11) 64. Kf1 g2+ 65. Kg1 Kg3 {Weighted Error Value:
White=0.37/Black=0.36} 1/2-1/2